| 000 | 00705cam a22002533a 4500 | ||
|---|---|---|---|
| 001 | 44346 | ||
| 003 | PGUSA | ||
| 005 | 20140828084019.0 | ||
| 008 | 131204s2013||||xxu|||||s|||||000 | eng d | ||
| 040 |
_aPGUSA _beng |
||
| 042 | _adc | ||
| 050 | 4 | _aNC | |
| 245 | 1 | 0 |
_aLendemains de Guerre des Flandres à la Meuse _h[electronic resource] |
| 260 |
_bProject Gutenberg, _c2013 |
||
| 506 | _aPublic domain in the USA. | ||
| 516 | _aElectronic text | ||
| 653 | _aWorld War, 1914-1918 | ||
| 653 | _aWorld War, 1914-1918 -- Pictorial works | ||
| 700 | 1 | _aGobillot, René | |
| 700 | 1 | _aTatin, E. | |
| 830 | 0 |
_aProject Gutenberg _v44346 |
|
| 856 | 4 | 0 | _uhttp://www.gutenberg.org/ebooks/44346 |
| 942 | _cEB | ||
| 999 |
_c273597 _d273597 |
||